[Event "Frankfurt-chA"]
[Site "Frankfurt"]
[Date "2018.06.11"]
[Round "6"]
[White "Balzereit, Georg"]
[Black "Seickel, Ralf"]
[Result "0-1"]
[WhiteElo "1631"]
[BlackElo "2050"]
[PlyCount "98"]
[EventDate "2018.04.30"]
[EventType "swiss"]
[EventRounds "7"]
[EventCountry "GER"]
[SourceTitle "EXT 2019"]
[Source "ChessBase"]
[SourceDate "2018.10.10"]
[SourceVersion "1"]
[SourceVersionDate "2018.10.10"]
[SourceQuality "1"]

1. e4 c5 2. d4 cxd4 3. c3 dxc3 4. Nxc3 Nc6 5. Nf3 d6 6. Bc4 a6 7. 0-0 Nf6 8. Qe2 Bg4 9. Rd1 Qb8 10. h3 Bxf3 11. Qxf3 e6 12. Qg3 b5 13. Bd3 g6 14. Be3 Bg7 15. Rac1 Ne5 16. Be2 0-0 17. f4 Nc4 18. Bxc4 bxc4 19. f5 Qb7 20. fxe6 Nxe4 21. Qf3 Bxc3 22. bxc3 fxe6 23. Qg4 Rae8 24. Rd4 d5 25. Rdd1 Qb2 26. Rb1 Qxc3 27. Bd4 Qg3 28. Rb7 Rf7 29. Rxf7 Kxf7 30. Rf1+ Kg8 31. Qd1 Rf8 32. Rxf8+ Kxf8 33. Qb1 Qc7 34. Qb4+ Kf7 35. Qe1 e5 36. Qh4 Kg7 37. Be3 c3 38. Bh6+ Kf7 39. Qg4 c2 40. Qf3+ Nf6 41. Qa3 Qe7 42. Qc3 Ne4 43. Qf3+ Ke8 44. Kh2 Qc5 45. Qf1 Qf2 46. Qa1 Qg3+ 47. Kg1 g5 48. Qc1 Qf2+ 49. Kh2 Qf4+ 0-1

[Event "Frankfurt-chA"]
[Site "Frankfurt"]
[Date "2014.06.16"]
[Round "7"]
[White "Popp, Matthias"]
[Black "Balzereit, Georg"]
[Result "1/2-1/2"]
[WhiteElo "1530"]
[BlackElo "1632"]
[PlyCount "85"]
[EventDate "2014.04.28"]
[EventType "swiss"]
[EventRounds "7"]
[EventCountry "GER"]
[SourceTitle "EXT 2015"]
[Source "ChessBase"]
[SourceDate "2014.11.20"]
[SourceVersion "1"]
[SourceVersionDate "2014.11.20"]
[SourceQuality "1"]

1. d4 Nf6 2. Nf3 d5 3. Bf4 c5 4. c3 cxd4 5. cxd4 Nc6 6. e3 Qb6 7. b3 Bf5 8. Be2 Nb4 9. Na3 Qa5 10. Bb5+ Nc6+ 11. Qd2 Qxa3 12. 0-0 a6 13. Bxc6+ bxc6 14. Rfc1 e6 15. Rxc6 Bb4 16. Qe2 0-0 17. Rac1 Bg4 18. R1c2 Nh5 19. Be5 f6 20. Bc7 f5 21. h3 Bxf3 22. Qxf3 Nf6 23. Rxe6 Rac8 24. Rec6 Ne4 25. Qe2 Rf6 26. Rxf6 Nxf6 27. Rc6 Ne8 28. Qc2 Rxc7 29. Rxc7 Nxc7 30. Qxc7 Bf8 31. Qd7 g6 32. Qxd5+ Kh8 33. Qe5+ Bg7 34. Qe8+ Qf8 35. Qxf8+ Bxf8 36. Kf1 Kg7 37. Ke2 Kf7 38. Kd3 a5 39. Kc4 Ke6 40. f3 Bb4 41. e4 fxe4 42. fxe4 g5 43. g4 1/2-1/2

[Event "Frankfurt-chA"]
[Site "Frankfurt"]
[Date "2014.06.02"]
[Round "6"]
[White "Zimmer, Gerald"]
[Black "Balzereit, Georg"]
[Result "1-0"]
[WhiteElo "1832"]
[BlackElo "1632"]
[PlyCount "80"]
[EventDate "2014.04.28"]
[EventType "swiss"]
[EventRounds "7"]
[EventCountry "GER"]
[SourceTitle "EXT 2015"]
[Source "ChessBase"]
[SourceDate "2014.11.20"]
[SourceVersion "1"]
[SourceVersionDate "2014.11.20"]
[SourceQuality "1"]

1. d4 Nf6 2. c4 e5 3. dxe5 Ng4 4. Nf3 Bc5 5. e3 Nc6 6. Be2 Ngxe5 7. a3 Nxf3+ 8. Bxf3 Ne5 9. b4 Qf6 10. Ra2 Nxf3+ 11. gxf3 Be7 12. Bb2 Qg6 13. Ke2 Bf6 14. Rg1 Qh6 15. Bxf6 Qxf6 16. Qd3 d6 17. Nc3 Be6 18. Nb5 0-0-0 19. Rc2 Kb8 20. Nd4 Bc8 21. b5 Rhe8 22. a4 Qe5 23. a5 f5 24. a6 g6 25. Ra2 f4 26. Rga1 fxe3 27. fxe3 Qxh2+ 28. Kd1 Qg1+ 29. Kd2 Qf2+ 30. Qe2 Qxe2+ 31. Kxe2 Be6 32. Nxe6 Rxe6 33. axb7 Kxb7 34. Rxa7+ Kb6 35. R1a6+ Kc5 36. Rxc7+ Kb4 37. e4 h5 38. Rcc6 h4 39. Kf2 Rf6 40. e5 h3 1-0

[Event "Frankfurt-chA"]
[Site "Frankfurt"]
[Date "2014.05.12"]
[Round "3"]
[White "Kropp, Volker"]
[Black "Balzereit, Georg"]
[Result "1/2-1/2"]
[WhiteElo "1892"]
[BlackElo "1632"]
[PlyCount "51"]
[EventDate "2014.04.28"]
[EventType "swiss"]
[EventRounds "7"]
[EventCountry "GER"]
[SourceTitle "EXT 2015"]
[Source "ChessBase"]
[SourceDate "2014.11.20"]
[SourceVersion "1"]
[SourceVersionDate "2014.11.20"]
[SourceQuality "1"]

1. d4 Nf6 2. Nf3 d5 3. e3 Nc6 4. c4 Bg4 5. Be2 dxc4 6. Qa4 e6 7. Nc3 Nd7 8. Qxc4 Nb6 9. Qb3 Bd6 10. h3 Bh5 11. 0-0 0-0 12. Rd1 Re8 13. Ne4 Be7 14. Nc5 Rb8 15. Qb5 a6 16. Qb3 Qc8 17. Nd3 Bd6 18. Bd2 Nd5 19. Rac1 Qd8 20. Re1 Nf6 21. Bc3 Ne4 22. Rcd1 Ne7 23. Bb4 Nd5 24. Nc5 Nxf2 25. Kxf2 Nxb4 26. Qxb4 1/2-1/2

[Event "Frankfurt-chA"]
[Site "Frankfurt"]
[Date "2013.06.17"]
[Round "7"]
[White "Honert, Stefan"]
[Black "Balzereit, Georg"]
[Result "0-1"]
[WhiteElo "1572"]
[BlackElo "1634"]
[PlyCount "100"]
[EventDate "2013.04.29"]
[EventType "swiss"]
[EventRounds "7"]
[EventCountry "GER"]
[SourceTitle "EXT 2014"]
[Source "ChessBase"]
[SourceDate "2013.11.20"]
[SourceVersion "1"]
[SourceVersionDate "2013.11.20"]
[SourceQuality "1"]

1. d4 Nf6 2. c4 g6 3. Nc3 d5 4. Qb3 dxc4 5. Qxc4 Bg7 6. Nf3 0-0 7. Bf4 c6 8. e4 Be6 9. Qb4 b5 10. Qa3 a5 11. b4 Nh5 12. Be5 f6 13. Bxb8 Qxb8 14. bxa5 b4 15. Qc1 bxc3 16. Qxc3 Rc8 17. Bc4 Bxc4 18. Qxc4+ Kh8 19. 0-0 Qc7 20. Rfe1 Qxa5 21. e5 Qd5 22. Qc3 Rxa2 23. Rxa2 Qxa2 24. Qc5 Qf7 25. e6 Qe8 26. Qc1 Bf8 27. g4 Ng7 28. Qf4 Qd8 29. h4 Qd5 30. g5 Nxe6 31. Qg4 f5 32. Qh3 Nxd4 33. Nxd4 Qxd4 34. h5 Qg4+ 35. Qxg4 fxg4 36. hxg6 hxg6 37. Kg2 c5 38. Kg3 c4 39. Kf4 c3 40. Ke3 Rd8 41. Rc1 Bg7 42. Rc2 Kg8 43. Ke2 Kf7 44. Ke1 Ke8 45. Ra2 Be5 46. Ke2 Rd2+ 47. Rxd2 cxd2 48. Kxd2 Bf4+ 49. Ke2 Bxg5 50. Kf1 Kf7 0-1

[Event "Frankfurt-chA"]
[Site "Frankfurt"]
[Date "2013.06.10"]
[Round "6"]
[White "Balzereit, Georg"]
[Black "Koch, Markus"]
[Result "0-1"]
[WhiteElo "1634"]
[BlackElo "2143"]
[PlyCount "58"]
[EventDate "2013.04.29"]
[EventType "swiss"]
[EventRounds "7"]
[EventCountry "GER"]
[SourceTitle "EXT 2014"]
[Source "ChessBase"]
[SourceDate "2013.11.20"]
[SourceVersion "1"]
[SourceVersionDate "2013.11.20"]
[SourceQuality "1"]

1. e4 c5 2. d4 cxd4 3. c3 dxc3 4. Nxc3 Nc6 5. Nf3 e6 6. Bc4 a6 7. 0-0 Nge7 8. Bg5 f6 9. Be3 b5 10. Bb3 Ng6 11. Rc1 Be7 12. Qe2 0-0 13. Rfd1 Qe8 14. Nd4 Na5 15. Bc2 Nc4 16. Bb3 Na5 17. Bc2 Bb7 18. b3 Rc8 19. Ncxb5 axb5 20. Qxb5 Rc5 21. Qb6 Qa8 22. Bd3 Rxc1 23. Rxc1 Nc6 24. Nb5 Nge5 25. Bb1 Qb8 26. f4 Ng4 27. h3 Bd8 28. Qc5 Nxe3 29. Qxe3 Ba6 0-1

[Event "Frankfurt-chA"]
[Site "Frankfurt"]
[Date "2012.06.11"]
[Round "6"]
[White "Balzereit, Georg"]
[Black "Schellen, Sven"]
[Result "1-0"]
[WhiteElo "1607"]
[BlackElo "1770"]
[PlyCount "53"]
[EventDate "2012.04.30"]
[EventType "swiss"]
[EventRounds "7"]
[EventCountry "GER"]
[SourceTitle "EXT 2013"]
[Source "ChessBase"]
[SourceDate "2012.11.22"]
[SourceVersion "1"]
[SourceVersionDate "2012.11.22"]
[SourceQuality "1"]

1. e4 c5 2. Nf3 Nc6 3. d4 cxd4 4. Nxd4 d6 5. Nc3 g6 6. Be3 Bg7 7. Bc4 Nf6 8. f3 d5 9. exd5 Nb4 10. Nde2 Bf5 11. Bb3 a5 12. Ng3 a4 13. Nxf5 axb3 14. Nxg7+ Kf8 15. Bh6 bxc2 16. Qd4 Qa5 17. Nh5+ Ke8 18. Nxf6+ exf6 19. a3 Kd7 20. 0-0 Na6 21. Qxf6 Rhe8 22. Bg5 Qc5+ 23. Kh1 Rf8 24. Rfe1 Rae8 25. Na4 Rxe1+ 26. Rxe1 Re8 27. Nxc5+ 1-0